000 00742cam a2200241 4500500
005 20260329001921.0
041 _afre
042 _adc
100 1 0 _aOrtoli, Sven
_eauthor
245 0 0 _aTim White : “ C’est un nouveau chapitre du livre de l’évolution humaine qui s’ouvre ”
260 _c2009.
500 _a69
690 _aAnthropologie
690 _aArchéologie
690 _aÉvolution
690 _aGrands Singes
690 _aHomme
690 _aOrigines
690 _aPréhistoire
690 _aSinge
786 0 _nPhilosophie magazine | 35 | 12 | 2009-12-01 | p. 41-41 | 1951-1787
856 4 1 _uhttps://shs.cairn.info/magazine-philosophie-magazine-2009-12-page-41?lang=fr&redirect-ssocas=7080
999 _c1809951
_d1809951